| 000 | 01772nam a2200397 a 4500 | ||
|---|---|---|---|
| 999 |
_c7627 _d7627 |
||
| 003 | OSt | ||
| 005 | 20211228113308.0 | ||
| 007 | co ||||||||||| | ||
| 008 | 120305s2011 spc|||| s|||| 0|0 0 cat| | ||
| 015 |
_aLL2012 _2bnc |
||
| 017 |
_aDL B. 38904-2011 _bBiblioteca de Catalunya |
||
| 035 | _a(ES-BaCBU).b52451719 | ||
| 040 |
_aES-BaBC _bcat _cCDMR |
||
| 041 |
_acat _aspa _aeng |
||
| 080 | _a654.17-053.2(063.1) | ||
| 111 | 2 |
_aFòrum Mundial de la Televisió Infantil _n(13è : _d2009 : _cBarcelona, Catalunya) |
|
| 245 | 0 | 4 |
_aLlibre del Fòrum Mundial de la TV Infantil : _bPonències 2009 _h[Recurs electrònic] / _cObservatori Europeu de la Televisió Infantil |
| 260 |
_aBarcelona : _bOETI. Observatori Europeu de la Televisió Infantil : _bComissionat de les Arts Audiovisuals de Barcelona, _c2010 |
||
| 300 |
_a1 disc òptic (CD-ROM) ; _c12 cm |
||
| 500 | _aTextos en català, castellà i anglès | ||
| 505 | _aConté: “Videojocs a les pantalles: juguem?!” i "Els Treballs del Naos nº 12 : les Cultures pedagògiques de la comunicació" | ||
| 650 | 7 |
_aTelevisió i infants _xCongressos. _2lemac |
|
| 650 | 7 |
_aTelevisió i joves _xCongressos. _2lemac |
|
| 710 | 2 |
_aObservatori Europeu de la Televisió Infantil _93893 |
|
| 710 | 2 | _aComissionat de les Arts Audiovisuals de Barcelona | |
| 711 | 2 |
_aJornades de l'Observatori _d(2009 : _cBarcelona, Catalunya) |
|
| 740 | 4 | _aLas Culturas pedagógicas de la comunicación | |
| 740 | 4 | _aThe Pedagogics cultures of the communication | |
| 740 | 4 | _aLes Cultures pedagògiques de la comunicació | |
| 740 | 4 | _aLos Trabajos del Naos nº 12 | |
| 740 | 0 | _aWorks of Naos nº 12 | |
| 907 |
_a.b52451719 _b17-02-21 _c05-03-12 _d05-03-12 _em _fa _g- _hcat _ispc _j0 _k0 |
||
| 908 | _aBC | ||
| 940 | _aBC | ||
| 942 |
_2udc _cADV |
||